[Event "Titled Tuesday intern op 28th Apr"]
[Site "Chess.com INT"]
[Date "2020.04.28"]
[Round "5"]
[White "Gavilan Diaz, Mario"]
[Black "Rahman, Farhadur"]
[Result "0-1"]
[WhiteElo "2278"]
[BlackElo "1969"]
[PlyCount "108"]
[EventDate "2020.04.28"]
[EventType "swiss (blitz)"]
[EventRounds "10"]
[EventCountry "USA"]
[SourceTitle "EXT 2021"]
[Source "ChessBase"]
[SourceDate "2020.10.23"]
[SourceVersion "1"]
[SourceVersionDate "2020.10.23"]
[SourceQuality "1"]

1. d4 Nf6 2. c4 e6 3. Nf3 d5 4. Nc3 Be7 5. Bf4 0-0 6. e3 Nbd7 7. c5 Nh5 8. Bd3 b6 9. b4 a5 10. c6 Bxb4 11. Qc2 Ndf6 12. 0-0 Nxf4 13. exf4 Ba6 14. Ne5 Bxd3 15. Qxd3 Bxc3 16. Qxc3 Ne4 17. Qd3 Nd6 18. Rfe1 a4 19. Re3 g6 20. g4 Qf6 21. Rf3 Rfd8 22. Re1 b5 23. Nd7 Rxd7 24. cxd7 Rd8 25. f5 exf5 26. gxf5 gxf5 27. Re5 Rxd7 28. Rxd5 Re7 29. Rxd6 Qxd6 30. Qxb5 f4 31. Qg5+ Qg6 32. Qxg6+ hxg6 33. Rxf4 Re2 34. a3 Ra2 35. Rf3 Rb2 36. Rc3 Rb3 37. Rxc7 Rxa3 38. Ra7 Kg7 39. Kg2 Kf6 40. f3 Ke6 41. Kg3 Ra1 42. Kf4 a3 43. h4 a2 44. Ra5 Kd6 45. Ra7 Kd5 46. Ra4 f6 47. h5 gxh5 48. Kf5 h4 49. Kxf6 h3 50. Ra5+ Kxd4 51. Ra4+ Ke3 52. Ra3+ Kf4 53. Kg6 h2 54. Kf6 h1Q 0-1

[Event "Titled Tuesday intern op 28th Apr"]
[Site "Chess.com INT"]
[Date "2020.04.28"]
[Round "3"]
[White "Siva, Mahadevan"]
[Black "Rahman, Farhadur"]
[Result "1-0"]
[WhiteElo "2349"]
[BlackElo "1969"]
[PlyCount "83"]
[EventDate "2020.04.28"]
[EventType "swiss (blitz)"]
[EventRounds "10"]
[EventCountry "USA"]
[SourceTitle "EXT 2021"]
[Source "ChessBase"]
[SourceDate "2020.10.23"]
[SourceVersion "1"]
[SourceVersionDate "2020.10.23"]
[SourceQuality "1"]

1. e4 e5 2. Nf3 Nc6 3. Bb5 a6 4. Ba4 Nf6 5. 0-0 Be7 6. Re1 b5 7. Bb3 d6 8. c3 0-0 9. h3 Na5 10. Bc2 c5 11. d4 Qc7 12. Nbd2 cxd4 13. cxd4 Nc6 14. Nb3 a5 15. Be3 a4 16. Nbd2 Nb4 17. Bb1 Bb7 18. a3 Na6 19. Bd3 b4 20. Rc1 Qb8 21. dxe5 dxe5 22. Nc4 Nd7 23. Qxa4 Ndc5 24. Qc2 Rd8 25. Bxc5 Nxc5 26. Ncxe5 Nxd3 27. Nxd3 bxa3 28. bxa3 Rxa3 29. Nde5 Bf6 30. Nc6 Bxc6 31. Qxc6 Rxf3 32. gxf3 Qf4 33. Rcd1 Rf8 34. Re3 Be5 35. Qd5 Qh2+ 36. Kf1 Qxh3+ 37. Ke2 Bf4 38. Rc3 h6 39. Qd7 Qh2 40. Rc8 Rxc8 41. Qxc8+ Kh7 42. Qf5+ 1-0

[Event "Titled Tuesday intern op 3rd March"]
[Site "Chess.com INT"]
[Date "2020.03.03"]
[Round "6"]
[White "Eynullayev, Altay Elshan"]
[Black "Rahman, Farhadur"]
[Result "0-1"]
[WhiteElo "2248"]
[BlackElo "1969"]
[PlyCount "176"]
[EventDate "2020.03.03"]
[EventType "swiss (blitz)"]
[EventRounds "10"]
[EventCountry "USA"]
[SourceTitle "EXT 2021"]
[Source "ChessBase"]
[SourceDate "2020.10.23"]
[SourceVersion "1"]
[SourceVersionDate "2020.10.23"]
[SourceQuality "1"]

1. d4 Nf6 2. c4 e6 3. g3 d5 4. Nf3 Be7 5. Bg2 0-0 6. 0-0 dxc4 7. Ne5 Nc6 8. Nxc6 bxc6 9. Na3 Bxa3 10. bxa3 Rb8 11. Qa4 Qxd4 12. Be3 Qb2 13. Bxa7 Ra8 14. Rfb1 Qxe2 15. Re1 Qh5 16. Bxc6 Bd7 17. Bxd7 Nxd7 18. Qxd7 Rxa7 19. Rec1 Rxa3 20. Rxc4 Qe5 21. Rcc1 c5 22. Qc6 Ra5 23. a4 g6 24. Rab1 Rfa8 25. Rb5 Rxa4 26. Rbxc5 Qf6 27. Qd6 Ra1 28. Rxa1 Qxa1+ 29. Kg2 Qf6 30. h4 Rd8 31. Qe5 Qxe5 32. Rxe5 Kg7 33. Kf3 Rd2 34. Ra5 Kf6 35. Rb5 Rd3+ 36. Ke2 Ra3 37. Rc5 e5 38. Kf1 h5 39. Kg2 Ra2 40. Kf3 Kf5 41. Rc4 Ra3+ 42. Ke2 Ke6 43. Rc6+ Kf5 44. Rc4 f6 45. Rb4 Ra2+ 46. Kf3 Ra1 47. Rb5 Re1 48. Rb6 e4+ 49. Kg2 Re2 50. Kf1 Ra2 51. Rb5+ Kg4 52. Rb6 f5 53. Rb3 Rd2 54. Kg2 Rc2 55. Ra3 Rb2 56. Rc3 Rd2 57. Ra3 Rd3 58. Ra6 f4 59. Rxg6+ Kf5 60. Rg5+ Kf6 61. gxf4 Rd2 62. Re5 Rd4 63. Kg3 Kg6 64. Rg5+ Kh6 65. f5 Rd2 66. Rg6+ Kh7 67. Re6 Re2 68. Re7+ Kg8 69. Re6 Re1 70. Rh6 Kg7 71. Rxh5 Kf6 72. Rh6+ Kxf5 73. Ra6 Rg1+ 74. Kh2 Rg7 75. Ra5+ Kf4 76. h5 Kf3 77. Rf5+ Kg4 78. Rf6 Kxh5 79. Rf4 Re7 80. Kg3 Kg5 81. Rg4+ Kf5 82. Rf4+ Ke5 83. Rg4 Rf7 84. Rg5+ Kd4 85. Rg4 Kd3 86. Rf4 Rg7+ 87. Kh2 Rg5 88. Kh3 Rg6 0-1

[Event "Titled Tuesday intern op 3rd March"]
[Site "Chess.com INT"]
[Date "2020.03.03"]
[Round "7"]
[White "Rahman, Farhadur"]
[Black "Grieve, Harry"]
[Result "1-0"]
[WhiteElo "1969"]
[BlackElo "2359"]
[PlyCount "69"]
[EventDate "2020.03.03"]
[EventType "swiss (blitz)"]
[EventRounds "10"]
[EventCountry "USA"]
[SourceTitle "EXT 2021"]
[Source "ChessBase"]
[SourceDate "2020.10.23"]
[SourceVersion "1"]
[SourceVersionDate "2020.10.23"]
[SourceQuality "1"]

1. e4 c5 2. Nf3 e6 3. d4 cxd4 4. Nxd4 Nc6 5. Nc3 Qc7 6. Be3 a6 7. Be2 Nf6 8. 0-0 Bb4 9. Nxc6 bxc6 10. Qd4 c5 11. Qc4 0-0 12. Na4 d5 13. exd5 exd5 14. Qf4 Qxf4 15. Bxf4 c4 16. Bf3 Bg4 17. Bxg4 Nxg4 18. Nb6 Rad8 19. Bc7 Rde8 20. Nxd5 Bd2 21. h3 Nh6 22. Bd6 Re2 23. Bxf8 Kxf8 24. c3 Nf5 25. b3 Ke8 26. bxc4 Kd7 27. Rab1 Kd6 28. Rb7 f6 29. Rb6+ Kc5 30. Rxa6 Kxc4 31. Nc7 Bxc3 32. Rc6+ Kd3 33. Rd1+ Kc2 34. Rd5 Nd4 35. Rxd4 1-0

[Event "Titled Tuesday intern op 3rd March"]
[Site "Chess.com INT"]
[Date "2020.03.03"]
[Round "3"]
[White "Rahman, Farhadur"]
[Black "Sztokbant, Bernardo Vainzoff"]
[Result "1-0"]
[WhiteElo "1969"]
[BlackElo "2194"]
[PlyCount "91"]
[EventDate "2020.03.03"]
[EventType "swiss (blitz)"]
[EventRounds "10"]
[EventCountry "USA"]
[SourceTitle "EXT 2021"]
[Source "ChessBase"]
[SourceDate "2020.10.23"]
[SourceVersion "1"]
[SourceVersionDate "2020.10.23"]
[SourceQuality "1"]

1. e4 c6 2. d4 d5 3. exd5 cxd5 4. Bd3 Nc6 5. c3 Nf6 6. Bf4 g6 7. Ne2 Bg7 8. Ng3 0-0 9. 0-0 h5 10. h4 Ng4 11. f3 e5 12. Bg5 Nf6 13. dxe5 Qb6+ 14. Kh1 Nxe5 15. b3 Nh7 16. Bf4 Qf6 17. Ne2 Qxh4+ 18. Kg1 Re8 19. Bb5 Bd7 20. Bg3 Qf6 21. Bxd7 Nxd7 22. Bf2 Ng5 23. Bd4 Qe7 24. Nf4 Nb6 25. Bxg7 Kxg7 26. Qd4+ Qe5 27. Qxe5+ Rxe5 28. Na3 Rc8 29. Rac1 Re3 30. Nb5 a6 31. Nd6 Rcxc3 32. Rxc3 Rxc3 33. Nxb7 Rc2 34. Rf2 Rc1+ 35. Kh2 d4 36. Rd2 Rc7 37. Na5 Rd7 38. Nc6 Rc7 39. Nxd4 h4 40. b4 Nc4 41. Rc2 Rc8 42. Nb3 Kg8 43. Nc5 Nd6 44. Rd2 Nf5 45. Nxa6 Rc1 46. Ne2 1-0

[Event "Titled Tuesday intern op 5th June"]
[Site "Chess.com INT"]
[Date "2018.06.05"]
[Round "1"]
[White "Carlsson, Ludvig"]
[Black "Rahman, Farhadur"]
[Result "0-1"]
[WhiteElo "2179"]
[BlackElo "1965"]
[PlyCount "160"]
[EventDate "2018.06.05"]
[EventType "swiss (blitz)"]
[EventRounds "10"]
[EventCountry "USA"]
[SourceTitle "EXT 2021"]
[Source "ChessBase"]
[SourceDate "2020.10.23"]
[SourceVersion "1"]
[SourceVersionDate "2020.10.23"]
[SourceQuality "1"]

1. e4 e5 2. Nf3 Nc6 3. Nc3 Nf6 4. Bb5 d6 5. d4 exd4 6. Nxd4 Bd7 7. 0-0 Be7 8. Be3 0-0 9. f3 Re8 10. Nxc6 bxc6 11. Bc4 c5 12. Qd2 Rb8 13. b3 Qc8 14. Rad1 Be6 15. Nd5 Nxd5 16. Bxd5 c6 17. Bxe6 Qxe6 18. c4 Rbd8 19. Bf4 Bf6 20. Rfe1 Bd4+ 21. Be3 Bxe3+ 22. Qxe3 g6 23. Qf2 Qf6 24. Rd3 Re6 25. Red1 Rde8 26. Qg3 Rd8 27. Qf2 Re7 28. Qg3 Re6 29. Qf2 h5 30. Qd2 Kg7 31. Qc3 Qxc3 32. Rxc3 Kf6 33. Kf2 Re7 34. Rcd3 Ke6 35. Ke3 a5 36. h3 a4 37. g4 hxg4 38. hxg4 axb3 39. axb3 g5 40. Rh1 Rb7 41. Rh6+ f6 42. f4 gxf4+ 43. Kxf4 Rg8 44. g5 Rf7 45. Rxf6+ Rxf6+ 46. gxf6 Rg6 47. f7 Rf6+ 48. Ke3 Rxf7 49. Rd2 Rb7 50. Rd3 Ra7 51. Rd2 Ra3 52. Rd3 Ke5 53. Rc3 Ra2 54. Rd3 Rb2 55. Rc3 Rb1 56. Kd3 Re1 57. Rc2 Rxe4 58. Rh2 Rf4 59. Rh6 Rf6 60. Rh5+ Rf5 61. Rh3 d5 62. Re3+ Kd6 63. cxd5 cxd5 64. Rh3 Kc6 65. Kc3 Kb5 66. Rd3 d4+ 67. Kb2 Kb4 68. Rh3 Rf2+ 69. Kc1 Re2 70. Rh5 Re3 71. Kc2 Rc3+ 72. Kd2 Rxb3 73. Rh8 Kc4 74. Rc8 Rb2+ 75. Kc1 Rh2 76. Rc7 Kb4 77. Rb7+ Kc3 78. Kb1 d3 79. Rc7 c4 80. Rd7 d2 0-1

[Event "Titled Tuesday intern op 3rd Oct"]
[Site "Chess.com INT"]
[Date "2017.10.03"]
[Round "8"]
[White "Rahman, Farhadur"]
[Black "Banusz, Tamas"]
[Result "0-1"]
[WhiteElo "1965"]
[BlackElo "2617"]
[PlyCount "78"]
[EventDate "2017.10.03"]
[EventType "swiss (blitz)"]
[EventRounds "10"]
[EventCountry "USA"]
[SourceTitle "EXT 2021"]
[Source "ChessBase"]
[SourceDate "2020.10.23"]
[SourceVersion "1"]
[SourceVersionDate "2020.10.23"]
[SourceQuality "1"]

1. e4 c5 2. Nf3 Nc6 3. d4 cxd4 4. Nxd4 Nf6 5. Nc3 e5 6. Ndb5 d6 7. Bg5 a6 8. Na3 b5 9. Nd5 Be7 10. Bxf6 Bxf6 11. c4 b4 12. Nc2 a5 13. g3 0-0 14. h4 Be6 15. Bh3 Rb8 16. Bxe6 fxe6 17. Nde3 Be7 18. 0-0 Rb7 19. b3 Qe8 20. Qg4 Qf7 21. Rad1 Rd8 22. f4 exf4 23. Rxf4 Qg6 24. Qxg6 hxg6 25. Ng4 a4 26. Rf3 axb3 27. axb3 Ra7 28. Rfd3 Ra2 29. R1d2 Rda8 30. Kg2 Rb2 31. Nd4 Raa2 32. Rf2 Ne5 33. Nxe5 Rxf2+ 34. Kh3 dxe5 35. Nxe6 Rad2 36. Re3 Kf7 37. Nc7 Bc5 38. Re1 Rf3 39. Kg4 Rdd3 0-1

[Event "Titled Tuesday intern op 3rd Oct"]
[Site "Chess.com INT"]
[Date "2017.10.03"]
[Round "10"]
[White "Stearman, Josiah P"]
[Black "Rahman, Farhadur"]
[Result "0-1"]
[WhiteElo "2187"]
[BlackElo "1965"]
[PlyCount "66"]
[EventDate "2017.10.03"]
[EventType "swiss (blitz)"]
[EventRounds "10"]
[EventCountry "USA"]
[SourceTitle "EXT 2021"]
[Source "ChessBase"]
[SourceDate "2020.10.23"]
[SourceVersion "1"]
[SourceVersionDate "2020.10.23"]
[SourceQuality "1"]

1. e4 c5 2. Nc3 a6 3. g3 b5 4. Bg2 Bb7 5. d3 e6 6. f4 Nf6 7. Nh3 Be7 8. 0-0 d5 9. e5 Nfd7 10. Be3 d4 11. Bxb7 Ra7 12. Be4 dxe3 13. f5 exf5 14. Rxf5 Qb6 15. Nd5 Qh6 16. Qg4 c4 17. Raf1 Bc5 18. Kh1 Nc6 19. Nf6+ gxf6 20. Bxc6 fxe5 21. Rxe5+ Kd8 22. Bxd7 e2 23. Re1 Bb4 24. c3 Rxd7 25. cxb4 cxd3 26. Qe4 Kc7 27. Rc5+ Kb6 28. Rec1 Rd6 29. Rc7 Qxc1+ 30. Rxc1 d2 31. Qe3+ Kb7 32. Qe7+ Ka8 33. Qe4+ Kb8 0-1

[Event "Titled Tuesday intern op 1st Aug"]
[Site "Chess.com INT"]
[Date "2017.08.01"]
[Round "8"]
[White "Bryakin, Mikhail"]
[Black "Rahman, Farhadur"]
[Result "0-1"]
[WhiteElo "2391"]
[BlackElo "1965"]
[PlyCount "100"]
[EventDate "2017.08.01"]
[EventType "swiss (blitz)"]
[EventRounds "10"]
[EventCountry "USA"]
[SourceTitle "EXT 2021"]
[Source "ChessBase"]
[SourceDate "2020.10.23"]
[SourceVersion "1"]
[SourceVersionDate "2020.10.23"]
[SourceQuality "1"]

1. d4 Nf6 2. Bg5 d5 3. Bxf6 exf6 4. c4 c6 5. Nf3 g6 6. Nc3 dxc4 7. a4 Be6 8. e4 Bb4 9. Be2 0-0 10. 0-0 Bxc3 11. bxc3 Na6 12. Qd2 Nc7 13. Qh6 Re8 14. Rfe1 b5 15. axb5 cxb5 16. d5 Bg4 17. Nd4 Bxe2 18. Rxe2 Qd6 19. Re3 Qf8 20. Qf4 Rec8 21. Qxf6 Qg7 22. Qd6 Qf8 23. Qf4 a5 24. Nc6 b4 25. h4 b3 26. Ra4 Nb5 27. h5 b2 28. Re1 Nxc3 29. Rxc4 b1Q 30. Rxb1 Ne2+ 31. Kh2 Nxf4 32. Rb7 Kg7 33. hxg6 hxg6 34. g3 Nh5 35. f4 Nf6 36. Ra4 Qc5 37. Ne5 Qc2+ 38. Kh3 Rc7 39. Rxc7 Qxc7 40. Nc6 Re8 41. Rxa5 Nxe4 42. Ra7 Qxa7 43. Nxa7 Rd8 44. Nc6 Rxd5 45. Ne5 Rxe5 46. fxe5 Ng5+ 47. Kg4 Ne6 48. Kf3 Kf8 49. Ke4 Ke7 50. Kd5 Ng5 0-1

[Event "Titled Tuesday intern op 1st Aug"]
[Site "Chess.com INT"]
[Date "2017.08.01"]
[Round "5"]
[White "Rahman, Farhadur"]
[Black "Green, Andrew"]
[Result "1-0"]
[WhiteElo "1965"]
[BlackElo "2059"]
[PlyCount "69"]
[EventDate "2017.08.01"]
[EventType "swiss (blitz)"]
[EventRounds "10"]
[EventCountry "USA"]
[SourceTitle "EXT 2021"]
[Source "ChessBase"]
[SourceDate "2020.10.23"]
[SourceVersion "1"]
[SourceVersionDate "2020.10.23"]
[SourceQuality "1"]

1. c4 g6 2. g3 Bg7 3. Bg2 c5 4. Nc3 Nc6 5. Nf3 d6 6. 0-0 Bf5 7. e4 Bg4 8. h3 Bxf3 9. Bxf3 e6 10. d3 Nge7 11. Be3 Nd4 12. Bg2 0-0 13. f4 Rb8 14. Rb1 b5 15. cxb5 Nxb5 16. Nxb5 Rxb5 17. b3 Qb6 18. Kh2 Nc6 19. f5 Be5 20. Bh6 Re8 21. f6 Nd4 22. Qg4 Ra5 23. Rf2 Qa6 24. Qh4 Qxd3 25. Re1 Nc2 26. Ree2 Rxa2 27. Rd2 Qxb3 28. Bf4 Bc3 29. Rd3 Kh8 30. Bd2 Nd4 31. Rxc3 Qd1 32. Qh6 Rg8 33. Rc1 Qb3 34. Rf4 g5 35. Rg4 1-0

[Event "Titled Tuesday intern op 6th Dec 10am"]
[Site "Chess.com INT"]
[Date "2016.12.06"]
[Round "7"]
[White "Supi, Luis Paulo"]
[Black "Rahman, Farhadur"]
[Result "1-0"]
[WhiteElo "2513"]
[BlackElo "1953"]
[PlyCount "175"]
[EventDate "2016.12.06"]
[EventType "swiss (blitz)"]
[EventRounds "9"]
[EventCountry "USA"]
[SourceTitle "EXT 2021"]
[Source "ChessBase"]
[SourceDate "2020.10.23"]
[SourceVersion "1"]
[SourceVersionDate "2020.10.23"]
[SourceQuality "1"]

1. d4 Nf6 2. Nf3 d5 3. c4 c6 4. Qc2 e6 5. Nbd2 Be7 6. g3 0-0 7. Bg2 Nbd7 8. 0-0 b6 9. b3 Ba6 10. Bb2 Rc8 11. Rac1 Re8 12. Rfd1 c5 13. Qb1 Bb7 14. cxd5 exd5 15. dxc5 bxc5 16. e3 Qb6 17. Ne5 Nxe5 18. Bxe5 Red8 19. Nf3 Ba6 20. Nh4 Qe6 21. Qb2 g6 22. Nf3 Nd7 23. Bc3 Nb6 24. h3 Rb8 25. Qc2 Rbc8 26. Kh2 Bf6 27. Bxf6 Qxf6 28. Qd2 c4 29. Nd4 cxb3 30. axb3 Bb7 31. Kg1 Nd7 32. Rxc8 Rxc8 33. Ne2 Nb6 34. Nf4 Qc3 35. Qa2 a6 36. Nxd5 Bxd5 37. Bxd5 Kg7 38. Bg2 Rc7 39. Kh2 Nd7 40. Rd4 Nf6 41. b4 Qc2 42. Qxc2 Rxc2 43. Kg1 Rb2 44. Bf1 Ra2 45. Bd3 Ne8 46. Rd7 Nf6 47. Rxf7+ Kxf7 48. Bc4+ Ke7 49. Bxa2 Nd7 50. Bc4 Nb8 51. f4 Nc6 52. Bxa6 Nxb4 53. Bc4 Kf6 54. Kf2 Nc6 55. Kf3 h5 56. Bd5 Ne7 57. e4 Nc8 58. e5+ Kg7 59. Ke4 Ne7 60. g4 hxg4 61. hxg4 Kf8 62. f5 gxf5+ 63. gxf5 Nc8 64. f6 Nb6 65. Bb3 Nd7 66. Kf5 Nc5 67. Bc4 Nd7 68. e6 Nb6 69. e7+ Ke8 70. Bb5+ Nd7 71. Bxd7+ Kxd7 72. Kg6 Ke8 73. Kg7 Kd7 74. f7 Kxe7 75. f8Q+ Ke6 76. Qf6+ Kd5 77. Qe7 Kc4 78. Qe5 Kd3 79. Qf4 Kc2 80. Qe3 Kd1 81. Qf2 Kc1 82. Qe2 Kb1 83. Qd2 Ka1 84. Kf6 Kb1 85. Ke5 Ka1 86. Kd4 Kb1 87. Kc3 Ka1 88. Qb2# 1-0

[Event "Titled Tuesday intern op 1st Nov 10am"]
[Site "Chess.com INT"]
[Date "2016.11.01"]
[Round "3"]
[White "Nikolova, Adriana"]
[Black "Rahman, Farhadur"]
[Result "0-1"]
[WhiteElo "2352"]
[BlackElo "1964"]
[PlyCount "50"]
[EventDate "2016.11.01"]
[EventType "swiss (blitz)"]
[EventRounds "9"]
[EventCountry "USA"]
[SourceTitle "EXT 2021"]
[Source "ChessBase"]
[SourceDate "2020.10.23"]
[SourceVersion "1"]
[SourceVersionDate "2020.10.23"]
[SourceQuality "1"]

1. e4 c5 2. Nf3 e6 3. Nc3 a6 4. d4 cxd4 5. Nxd4 Qc7 6. g3 Nc6 7. Bg2 Bc5 8. Be3 Bb4 9. 0-0 Nge7 10. Nce2 0-0 11. c3 Ba5 12. Qd2 d5 13. Rad1 Nxd4 14. Nxd4 Bb6 15. exd5 Nxd5 16. Bxd5 exd5 17. f3 Bh3 18. Rf2 Rfe8 19. Bf4 Qc4 20. a3 Bd7 21. Kg2 Rac8 22. Re2 Bxd4 23. Rxe8+ Rxe8 24. Qxd4 Qe2+ 25. Qf2 Qxd1 0-1

[Event "Titled Tuesday intern op 1st Nov 10am"]
[Site "Chess.com INT"]
[Date "2016.11.01"]
[Round "4"]
[White "Rahman, Farhadur"]
[Black "Demchenko, Anton"]
[Result "0-1"]
[WhiteElo "1964"]
[BlackElo "2632"]
[PlyCount "148"]
[EventDate "2016.11.01"]
[EventType "swiss (blitz)"]
[EventRounds "9"]
[EventCountry "USA"]
[SourceTitle "EXT 2021"]
[Source "ChessBase"]
[SourceDate "2020.10.23"]
[SourceVersion "1"]
[SourceVersionDate "2020.10.23"]
[SourceQuality "1"]

1. c4 Nf6 2. Nc3 g6 3. e4 d6 4. d4 Bg7 5. Be2 0-0 6. Nf3 Nbd7 7. 0-0 e5 8. dxe5 dxe5 9. Bg5 h6 10. Bh4 c6 11. Qd6 Re8 12. Rfd1 Qe7 13. Rac1 Bf8 14. Qxe7 Bxe7 15. b3 Ba3 16. Rc2 Nh5 17. Na4 Nf8 18. Rcd2 Nf4 19. Bf1 Bg4 20. Bg3 Bxf3 21. gxf3 Bb4 22. Bxf4 exf4 23. Rd3 Re5 24. Bh3 Rae8 25. Rd8 Kg7 26. Nb2 Ba5 27. Rxe8 Rxe8 28. Kf1 h5 29. Ke2 Bc7 30. Nd3 Nh7 31. Nc5 Ng5 32. Bd7 Rb8 33. h4 Nh7 34. Bh3 Nf8 35. Nd7 Rd8 36. Nxf8 Rxd1 37. Kxd1 Kxf8 38. c5 Bd8 39. Bc8 b6 40. b4 bxc5 41. bxc5 Bxh4 42. Bd7 Bxf2 43. Bxc6 Bxc5 44. Ke2 Ke7 45. a4 g5 46. Bb7 g4 47. fxg4 hxg4 48. Bc8 f3+ 49. Kf1 g3 50. Bh3 Kd6 51. Bg4 g2+ 52. Ke1 g1Q+ 53. Kd2 Qxg4 54. e5+ Kxe5 55. a5 Qb4+ 56. Kd3 Qxa5 57. Kc2 f2 58. Kd3 f1Q+ 59. Kc2 f5 60. Kb3 f4 61. Kc2 f3 62. Kb3 f2 63. Kb2 Qd8 64. Kb3 a5 65. Ka4 Qa6 66. Kb3 f1Q 67. Ka4 Qaa8 68. Kb3 a4+ 69. Ka2 a3 70. Kb3 a2 71. Kc2 a1Q 72. Kb3 Qdd4 73. Kc2 Q8a5 74. Kb3 Qfb1# 0-1

[Event "BAN-chB 42nd"]
[Site "Dhaka"]
[Date "2016.10.23"]
[Round "4"]
[White "Rahman, Farhadur"]
[Black "Rahman, Syed Mahfuzur"]
[Result "0-1"]
[WhiteElo "1964"]
[BlackElo "2252"]
[PlyCount "62"]
[EventDate "2016.10.20"]
[EventType "swiss"]
[EventRounds "11"]
[EventCountry "BAN"]
[SourceTitle "CBM 175 Extra"]
[Source "ChessBase"]
[SourceDate "2016.12.12"]
[SourceVersion "1"]
[SourceVersionDate "2016.12.12"]
[SourceQuality "1"]

1. e3 d5 2. d4 Nf6 3. h3 c6 4. Nf3 Bf5 5. c4 e6 6. Nc3 Nbd7 7. cxd5 exd5 8. Bd3 Bxd3 9. Qxd3 Bb4 10. Bd2 0-0 11. Ne2 Bd6 12. 0-0-0 Ne4 13. Be1 Qf6 14. Nc3 Rfe8 15. Qf1 a5 16. Nd2 Nxc3 17. bxc3 Ba3+ 18. Kc2 Qg6+ 19. Kb3 a4+ 20. Kxa3 Qc2 21. Nb1 Nb6 22. Bd2 Nc4+ 23. Qxc4 dxc4 24. Rc1 Qf5 25. Be1 Ra6 26. Nd2 Qd3 27. Nf3 Qe2 28. Ng1 Qf1 29. Bd2 Qxg2 30. Ne2 Qxf2 31. Rce1 Rb6 0-1

[Event "BAN-chB 42nd"]
[Site "Dhaka"]
[Date "2016.10.21"]
[Round "2"]
[White "Rahman, Farhadur"]
[Black "Islam, Khandaker Aminul"]
[Result "0-1"]
[WhiteElo "1964"]
[BlackElo "2154"]
[PlyCount "42"]
[EventDate "2016.10.20"]
[EventType "swiss"]
[EventRounds "11"]
[EventCountry "BAN"]
[SourceTitle "CBM 175 Extra"]
[Source "ChessBase"]
[SourceDate "2016.12.12"]
[SourceVersion "1"]
[SourceVersionDate "2016.12.12"]
[SourceQuality "1"]

1. e3 e5 2. d4 Nc6 3. dxe5 Nxe5 4. Nf3 Ng6 5. Bc4 Nf6 6. 0-0 d5 7. Be2 Bd6 8. h3 0-0 9. c4 dxc4 10. Bxc4 Qe7 11. Qc2 c6 12. Nd4 Bc7 13. b3 Re8 14. Bb2 Ne4 15. Nf3 Nh4 16. Nbd2 Nxd2 17. Nxd2 Qg5 18. g4 Bxg4 19. f4 Qh5 20. Qc3 Nf5 21. e4 Bb6+ 0-1